Bribri II

Bewaard in:
Bibliografische gegevens
Hoofdauteur: Constenla Umaña, Adolfo
Formaat: Boek
Taal:Undetermined
Gepubliceerd in: San José, Costa Rica Universidad de Costa Rica 1979
Onderwerpen:
Tags: Voeg label toe
Geen labels, Wees de eerste die dit record labelt!

MARC

LEADER 00000nam a2200000Ia 4500
008 170316s9999 xx 000 0 und d
090 |a 415-In C-1B v.2 
100 |a Constenla Umaña, Adolfo 
245 |a Bribri II 
260 |a San José, Costa Rica 
260 |b Universidad de Costa Rica 
260 |c 1979 
300 |a 112páginas 
650 |a GRAMÁTICA INDÍGENA 
999 |c 19574  |d 19574 
040 |a cru BVZT 
942 |c 15 D  |h 415-In C-1B v.2  |2 z